Kỹ thuật xử lý nước thải

Sách cung cấp các kiến thức về nước và xử lí ô nhiễm môi trường nước, đặc trưng chủ yếu của nước thải và các phương pháp phân tích, xác định một số chỉ tiêu. Sách còn giới thiệu kĩ thuật xử lí nước thải cấp I, cấp II, cấp III...

Descrizione completa

Salvato in:
Dettagli Bibliografici
Autore principale: Trịnh, Lê Hùng
Natura: Libro
Lingua:Undetermined
Pubblicazione: Hà Nội Giáo dục 2006
Soggetti:
Tags: Aggiungi Tag
Nessun Tag, puoi essere il primo ad aggiungerne! !
Thư viện lưu trữ: Trung tâm Học liệu Trường Đại học Cần Thơ
LEADER 01107nam a2200217Ia 4500
001 CTU_122854
008 210402s9999 xx 000 0 und d
020 |c 19000 
082 |a 628.4 
082 |b H513 
100 |a Trịnh, Lê Hùng 
245 0 |a Kỹ thuật xử lý nước thải 
245 0 |c Trịnh Lê Hùng 
260 |a Hà Nội 
260 |b Giáo dục 
260 |c 2006 
520 |a Sách cung cấp các kiến thức về nước và xử lí ô nhiễm môi trường nước, đặc trưng chủ yếu của nước thải và các phương pháp phân tích, xác định một số chỉ tiêu. Sách còn giới thiệu kĩ thuật xử lí nước thải cấp I, cấp II, cấp III và một số công trình xử lí nước thải. 
650 |a Factory and trade waste,Hydraulic engineering,Sewerage,Wastewaters 
650 |x Purification,Outlines, syllabi, etc.,Purification 
904 |i Giang, Huỳnh Mai 
980 |a Trung tâm Học liệu Trường Đại học Cần Thơ